<?xml version="1.0" encoding="UTF-8"?><collection xmlns="info:lc/xmlns/marcxchange-v2"><record format="Unimarc" type="bibliographic"><leader>00669nam  2200205   450 </leader><controlfield tag="001">2268681</controlfield><controlfield tag="003">http://id.bnportugal.gov.pt/bib/porbase/2268681</controlfield><controlfield tag="005">20060126151400.0</controlfield><datafield ind1=" " ind2=" " tag="010"><subfield code="a">0-8146-5803-2</subfield></datafield><datafield ind1=" " ind2=" " tag="035"><subfield code="a">UCJPII_BC_200.iso/06-12-2010/65814</subfield></datafield><datafield ind1=" " ind2=" " tag="035"><subfield code="a">66160</subfield></datafield><datafield ind1=" " ind2=" " tag="100"><subfield code="a">19941122d1991    km y0pory0103    ba</subfield></datafield><datafield ind1="0" ind2=" " tag="101"><subfield code="a">eng</subfield></datafield><datafield ind1=" " ind2=" " tag="102"><subfield code="a">US</subfield></datafield><datafield ind1="1" ind2=" " tag="200"><subfield code="a">?The ?Gospel of Matthew</subfield><subfield code="f">Daniel J. Harrington</subfield><subfield code="g">Daniel J. Harrington, ed</subfield></datafield><datafield ind1=" " ind2=" " tag="210"><subfield code="a">Colegeville, Minnesota</subfield><subfield code="c">A Michael Glazier Book</subfield><subfield code="c">The Liturgical Press</subfield><subfield code="d">1991</subfield></datafield><datafield ind1=" " ind2=" " tag="215"><subfield code="a">XIV, 430 p.</subfield><subfield code="d">24 cm</subfield></datafield><datafield ind1="2" ind2=" " tag="225"><subfield code="a">Sacra pagina series</subfield><subfield code="v">1</subfield></datafield><datafield ind1=" " ind2=" " tag="675"><subfield code="a">226.2.017</subfield><subfield code="v">med</subfield><subfield code="z">por</subfield></datafield><datafield ind1=" " ind2="1" tag="700"><subfield code="a">Harrington</subfield><subfield code="b">Daniel J.</subfield></datafield><datafield ind1=" " ind2="0" tag="801"><subfield code="a">PT</subfield><subfield code="b">UCJPII</subfield><subfield code="g">RPC</subfield></datafield></record></collection>